Перейти до змісту

Управление проектами в сфере здравоохранения учебное пособие для обучающихся по программе магистратуры по направлению подготовки 32.04.01 общественное здравоохранение, направленность (профиль) «управление в здравоохранении»

Учебное пособие подготовлено в соответствии с требованиями ФГОС ВО по направлению подготовки 32.04.01 Общественное здравоохранение (магистратура). Учебное пособие предназначено для обеспечения учебного процесса по дисциплине «Управление проектами в сфере здравоохранения» в соответствии с его целями...

Повний опис

Збережено в:
Бібліографічні деталі
Формат: Книга
Мова:Russian
Опубліковано: Рязань РязГМУ 2024
Онлайн доступ:https://e.lanbook.com/book/460343
https://e.lanbook.com/img/cover/book/460343.jpg
Теги: Додати тег
Немає тегів, Будьте першим, хто поставить тег для цього запису!
LEADER 01897nam0a2200253 i 4500
001 460343
003 RuSpLAN
005 20250227141316.0
008 250227s2024 ru gs 000 0 rus
040 |a RuSpLAN 
041 0 |a rus 
044 |a ru 
080 |a 614.2 (075.8) 
084 |a 51.1 (2)  |2 rubbk 
245 0 0 |a Управление проектами в сфере здравоохранения  |b учебное пособие для обучающихся по программе магистратуры по направлению подготовки 32.04.01 общественное здравоохранение, направленность (профиль) «управление в здравоохранении» 
260 |a Рязань  |b РязГМУ  |c 2024 
300 |a 150 с. 
504 |a Библиогр.: доступна в карточке книги, на сайте ЭБС Лань 
520 8 |a Учебное пособие подготовлено в соответствии с требованиями ФГОС ВО по направлению подготовки 32.04.01 Общественное здравоохранение (магистратура). Учебное пособие предназначено для обеспечения учебного процесса по дисциплине «Управление проектами в сфере здравоохранения» в соответствии с его целями и задачами, и адаптировано для самоподготовки обучающихся к практическим занятиям. 
521 8 |a Книга из коллекции РязГМУ - Медицина 
521 8 |a СЭБ 
856 4 |u https://e.lanbook.com/book/460343 
856 4 8 |u https://e.lanbook.com/img/cover/book/460343.jpg 
953 |a https://e.lanbook.com/img/cover/book/460343.jpg